000 00564nam a2200229Ia 4500
003 OSt
005 20220924133525.0
006 a|||||r|||| 00| 0
007 ta
008 220923b |||||||| |||| 00| 0 mar d
024 _a266562
037 _cTextual
040 _aARTS
_cARTS
_bmar
041 _2mar
_amar
082 _aO1593,6:g, L6
100 _aBhatt Chandrashanker
_9206708
245 0 _aSannidhi
260 _c1976
300 _a298p.
_ccm.
942 _hO1593,6:g, L6
_cTEXL
_2CC
999 _c434155
_d434155